Länder mit der höchsten Fettleibigkeitsrate - Statistiken

Allgemein
  • Dieses Quiz wurde 206 mal gespielt
  • Das Durchschnittsergebnis liegt bei 5 aus 20
Antwortstatistiken
% Land % Korrekt
42,0 Vereinigte Staaten
99%
64,2 Tuvalu
37%
69,9 Nauru
36%
62,4 Samoa
33%
71,7 Tonga
33%
47,1 Föderierte Staaten von Mikronesien
31%
46,3 Kiribati
31%
45,9 Marshallinseln
31%
41,1 Palau
31%
40,6 Saudi-Arabien
20%
47,3 Bahamas
18%
38,0 Barbados
18%
43,1 Katar
18%
45,6 St. Kitts und Nevis
18%
41,4 Kuwait
15%
44,3 Ägypten
14%
38,9 Chile
13%
42,3 Belize
11%
40,5 Irak
11%
38,5 Jordanien
7%
Keine übereinstimmenden Quizze gefunden
Verteilung der Resultate
Anzahl Personen mit jedem Resultat
Perzentil nach korrekt beantworteten Fragen
Ihre Resultats-Entwicklung
Sie haben dieses Quiz noch nicht gespielt